Tintin : personnages qui finissent par la lettre O - Statistiques

Statistiques générales
  • Ce quiz a été pris 27 fois
  • Le résultat moyen est 9 sur 20
Statistiques - réponses
Hint Réponse % Correct
Marchand d'oranges Zorrino
100%
Prénom de Carreidas Laszlo
93%
Japonais sûrement le plus connu de Tintin Mitsuhirato
93%
Prénom de Rastapopoulos Roberto
79%
Boy de Tintin Coco
71%
Scientifique qui vit à Nyon Topolino
64%
Perez de son nom à la recherche du fétiche des Arumbayas. Alonzo
57%
Présent avec Tournesol dans le Pachacamac. Chiquito
57%
Il trahit Tintin mais celui-ci lui fait grâce Pablo
57%
Tzigane oncle d'une petite fille dont le prénom finit par A Matéo
50%
Célèbre photographe Rizotto
43%
Prénom de l'illusionniste qui change de l'eau en vin. Bruno
29%
Guide qui emmène Tintin chez les Arumbayas. Caraco
29%
Domestique qui surveille Tintin Manolo
29%
Prénom de Tortilla Rodrigo
29%
Paparazzi Gino
14%
Marin du Karaboudjan Jumbo
14%
Bras droit du plus célèbre des japonais Yamato
14%
Matelot du Karaboudjan Pédro
7%
L'un des hommes d'Al Capone Pietro
7%
Aucun quiz correspondant
Distribution des résultats
% des personnes avec chaque résultat
Percentile par nombre de réponses
Votre historique - résultats
Vous n’avez pas pris ce quiz